[Event "X Festival Ducale A"]
[Site "Genova ITA"]
[Date "2002.11.25"]
[Round "1"]
[White "Mrdja, Milan"]
[Black "Aceto, Lorenzo"]
[Result "1-0"]
[WhiteElo "2368"]
[BlackElo "1866"]
[PlyCount "61"]
[EventDate "2002.11.25"]

1. e4 c5 2. Nf3 d6 3. d4 cxd4 4. Nxd4 Nf6 5. Nc3 a6 6. Rg1 e5 7. Nb3 Be6 8. g4
h6 9. Be3 Nbd7 10. h4 g6 11. Qf3 Qc7 12. O-O-O Rc8 13. Bd3 Bc4 14. Kb1 b5 15.
g5 b4 16. Ne2 hxg5 17. hxg5 Nh5 18. Rh1 a5 19. Nd2 Be6 20. Ng3 a4 21. Nxh5 gxh5
22. Rxh5 Rxh5 23. Qxh5 a3 24. Nb3 axb2 25. Qe2 Nb6 26. Bb5+ Kd8 27. Nc5 Qa7 28.
Nxe6+ fxe6 29. Qh5 Ra8 30. Qe8+ Kc7 31. Qf7+ 1-0

[Event "X Festival Ducale A"]
[Site "Genova ITA"]
[Date "2002.11.25"]
[Round "1"]
[White "Rivara, Massimo"]
[Black "Frigieri, Fabrizio"]
[Result "1-0"]
[WhiteElo "1672"]
[BlackElo "2052"]
[PlyCount "115"]
[EventDate "2002.11.25"]

1. e4 c5 2. Nf3 Nc6 3. d4 cxd4 4. Nxd4 Nf6 5. Nc3 e5 6. Ndb5 d6 7. Bg5 a6 8.
Na3 b5 9. Nd5 Be7 10. Bxf6 Bxf6 11. Bd3 O-O 12. c3 Bg5 13. O-O Be6 14. f4 exf4
15. Nxf4 Bxf4 16. Rxf4 Qg5 17. Rf2 Ne5 18. Be2 Rad8 19. Nc2 d5 20. exd5 Rxd5
21. Nd4 Rc5 22. Qe1 Re8 23. Rd1 Bd7 24. Qf1 Qe3 25. Kh1 f6 26. Bh5 Rd8 27. Re1
Qh6 28. Bd1 Nc4 29. Bb3 Rh5 30. Bxc4+ bxc4 31. Qxc4+ Kh8 32. g3 Bc8 33. Qf7 Qg6
34. Qxg6 hxg6 35. Rfe2 Bb7+ 36. Kg1 Kh7 37. Re7 Bd5 38. a3 Bc4 39. Rc7 Bd3 40.
Ree7 g5 41. Rxg7+ Kh6 42. Ne6 Re8 43. Rge7 Rb8 44. b4 a5 45. Ng7 axb4 46. Nxh5
bxa3 47. Ra7 Kxh5 48. Rxa3 Rb1+ 49. Kf2 Rb2+ 50. Ke1 Rxh2 51. Re3 Bb1 52. c4 f5
53. c5 Be4 54. Rac3 Kg4 55. c6 Rh8 56. c7 Rc8 57. Rc5 Kh5 58. Rb3 1-0

[Event "X Festival Ducale A"]
[Site "Genova ITA"]
[Date "2002.11.26"]
[Round "2"]
[White "Aceto, Lorenzo"]
[Black "Sanchez, Joseph"]
[Result "0-1"]
[WhiteElo "1866"]
[BlackElo "2307"]
[PlyCount "48"]
[EventDate "2002.11.25"]

1. Nf3 d5 2. d4 c6 3. e3 Nf6 4. c4 e6 5. Nc3 Nbd7 6. Bd3 dxc4 7. Bxc4 b5 8. Bd3
Bb7 9. O-O a6 10. e4 c5 11. d5 Qc7 12. dxe6 fxe6 13. Qe2 c4 14. Bc2 Bd6 15. Ng5
Nc5 16. f4 e5 17. fxe5 Bxe5 18. Nd5 Bxd5 19. exd5 O-O 20. Be3 Rae8 21. Rae1
Bxh2+ 22. Kh1 Bg3 23. Qf3 Bxe1 24. Rxe1 h6 0-1

[Event "X Festival Ducale A"]
[Site "Genova ITA"]
[Date "2002.11.26"]
[Round "2"]
[White "Bartonicek, Zdenek"]
[Black "Maksimenko, Andrei"]
[Result "0-1"]
[WhiteElo "2109"]
[BlackElo "2507"]
[PlyCount "62"]
[EventDate "2002.11.25"]

1. Nf3 d6 2. d4 g6 3. e4 Bg7 4. Bc4 c6 5. Nc3 b5 6. Bb3 a5 7. a3 Na6 8. O-O Rb8
9. Bf4 e6 10. Bg5 Ne7 11. Re1 h6 12. Bh4 Qc7 13. d5 b4 14. axb4 axb4 15. e5
bxc3 16. exd6 Qxd6 17. dxe6 Nd5 18. Bg3 Qc5 19. exf7+ Kxf7 20. Ne5+ Bxe5 21.
Qf3+ Bf6 22. Be5 Kg7 23. Bxd5 Rf8 24. Qg3 Qxd5 25. Rxa6 Bxe5 26. Ra7+ Rb7 27.
Rxb7+ Bxb7 28. Qxe5+ Qxe5 29. Rxe5 cxb2 30. Re1 Ra8 31. Re7+ Kf6 0-1

[Event "X Festival Ducale A"]
[Site "Genova ITA"]
[Date "2002.11.26"]
[Round "2"]
[White "Benaglia, Giovanni"]
[Black "Mrdja, Milan"]
[Result "0-1"]
[WhiteElo "1801"]
[BlackElo "2368"]
[PlyCount "39"]
[EventDate "2002.11.25"]

1. d4 c5 2. e3 e6 3. Nf3 Nf6 4. Bd3 b6 5. Qe2 Bb7 6. c3 Be7 7. Nbd2 O-O 8. O-O
d6 9. Re1 Nbd7 10. e4 cxd4 11. cxd4 e5 12. d5 Nc5 13. b3 Nxd3 14. Qxd3 Qd7 15.
Bb2 Nh5 16. Nf1 Nf4 17. Qd2 f5 18. exf5 Qxf5 19. Ne3 Qg6 20. Kh1 0-1

[Event "X Festival Ducale A"]
[Site "Genova ITA"]
[Date "2002.11.26"]
[Round "2"]
[White "Dgebuadze, Alexandre"]
[Black "Massa, Giovanni"]
[Result "1-0"]
[WhiteElo "2537"]
[BlackElo "2096"]
[PlyCount "61"]
[EventDate "2002.11.25"]

1. e4 c5 2. Nf3 Nc6 3. d4 cxd4 4. Nxd4 g6 5. c4 Nf6 6. Nc3 d6 7. Nc2 Bg7 8. Be2
O-O 9. O-O Be6 10. Bd2 Rc8 11. Rc1 a6 12. Kh1 Nd7 13. f3 a5 14. h3 Nc5 15. Nd5
Bxd5 16. exd5 Ne5 17. Be3 Ned7 18. Nd4 Na6 19. Qd2 Ndc5 20. Bh6 Qb6 21. Bxg7
Kxg7 22. f4 Qb4 23. Qe3 Rfe8 24. f5 Nd7 25. fxg6 hxg6 26. Nf5+ gxf5 27. Qg5+
Kf8 28. Qh6+ Kg8 29. Rxf5 f6 30. Qg6+ Kf8 31. Bh5 1-0

[Event "X Festival Ducale A"]
[Site "Genova ITA"]
[Date "2002.11.26"]
[Round "2"]
[White "Forno, Roberto"]
[Black "Lazic, Miroljub"]
[Result "0-1"]
[WhiteElo "2080"]
[BlackElo "2461"]
[PlyCount "58"]
[EventDate "2002.11.25"]

1. d4 d5 2. c4 e6 3. Nc3 c6 4. Nf3 Nf6 5. Bg5 h6 6. Bxf6 Qxf6 7. e3 Nd7 8. Bd3
g6 9. Qc2 Bg7 10. O-O Qe7 11. Rad1 O-O 12. a3 b6 13. e4 dxc4 14. Bxc4 Bb7 15.
Rfe1 Rac8 16. e5 b5 17. Ba2 c5 18. d5 c4 19. h4 exd5 20. e6 fxe6 21. Nxd5 Qf7
22. Ne3 Bxf3 23. gxf3 Ne5 24. Re2 Nxf3+ 25. Kf1 Rc5 26. Bb1 Nxh4 27. Qe4 Rh5
28. Rd6 Nf3 29. Qxg6 Rh1+ 0-1

[Event "X Festival Ducale A"]
[Site "Genova ITA"]
[Date "2002.11.26"]
[Round "2"]
[White "Georgiev, Vladimir"]
[Black "Fongarolli, Diego"]
[Result "1-0"]
[WhiteElo "2501"]
[BlackElo "2089"]
[PlyCount "48"]
[EventDate "2002.11.25"]

1. c4 e5 2. Nc3 Nc6 3. g3 Nf6 4. Bg2 Bb4 5. Nd5 Nxd5 6. cxd5 Ne7 7. Nf3 Bd6 8.
d4 f6 9. O-O exd4 10. Nxd4 O-O 11. Nb5 Bc5 12. d6 cxd6 13. Bf4 Qb6 14. Qb3+ Kh8
15. Rad1 a6 16. Nxd6 Qxb3 17. axb3 Bxd6 18. Bxd6 Re8 19. e4 Nc6 20. f4 b6 21.
e5 a5 22. Rfe1 fxe5 23. fxe5 Ra7 24. e6 Ne7 1-0

[Event "X Festival Ducale A"]
[Site "Genova ITA"]
[Date "2002.11.26"]
[Round "2"]
[White "Laketic, Gojko"]
[Black "Fossati, Remigio"]
[Result "1-0"]
[WhiteElo "2444"]
[BlackElo "1807"]
[PlyCount "83"]
[EventDate "2002.11.25"]

1. d4 Nf6 2. Nf3 g6 3. c4 Bg7 4. Nc3 O-O 5. e4 d6 6. Be2 e5 7. d5 a5 8. Bg5 Na6
9. Nd2 h6 10. Be3 Nh7 11. a3 f5 12. f3 Bd7 13. Qc2 Nf6 14. Nb3 c5 15. Nd2 Nh5
16. g3 f4 17. Bf2 Bf6 18. O-O-O Nc7 19. g4 Ng7 20. h4 h5 21. Rdg1 Kh7 22. Qd1
a4 23. Rh2 Rg8 24. Be1 Qe8 25. Bd3 b5 26. cxb5 Nxb5 27. Nxb5 Bxb5 28. Bc4 Bd8
29. Qe2 Rb8 30. Bxb5 Qxb5 31. Qxb5 Rxb5 32. Nc4 Bc7 33. Bc3 Kh6 34. Kc2 hxg4
35. Rxg4 Nh5 36. Kd3 Kh7 37. Kc2 Ng3 38. Kb1 Nh5 39. Ka2 Kg7 40. Rhg2 Kf6 41.
Rg1 Ng3 42. Rxf4+ 1-0

[Event "X Festival Ducale A"]
[Site "Genova ITA"]
[Date "2002.11.26"]
[Round "2"]
[White "Pedemonte, Claudio"]
[Black "Gorshkova, Irina"]
[Result "0-1"]
[WhiteElo "1707"]
[BlackElo "2190"]
[PlyCount "62"]
[EventDate "2002.11.25"]

1. c4 Nf6 2. Nc3 c5 3. g3 d5 4. cxd5 Nxd5 5. Nxd5 Qxd5 6. Nf3 Nc6 7. Bg2 e5 8.
d3 Be7 9. O-O O-O 10. b3 Qd6 11. Bb2 Be6 12. Nd2 f6 13. Ne4 Qd7 14. Rc1 b6 15.
Qd2 Bh3 16. Nc3 Bxg2 17. Kxg2 Rad8 18. Rfd1 Nd4 19. Kg1 Qg4 20. f3 Qg6 21. Qe1
f5 22. Na4 Bg5 23. Rb1 Nc2 24. Qc3 Ne3 25. Re1 Bf6 26. Kh1 Qh5 27. Qd2 f4 28.
g4 Qh3 29. Rg1 Bh4 30. Bxe5 Bg3 31. Rxg3 fxg3 0-1

[Event "X Festival Ducale A"]
[Site "Genova ITA"]
[Date "2002.11.26"]
[Round "2"]
[White "Sareen, Vishal"]
[Black "Carosso, Andrea"]
[Result "1-0"]
[WhiteElo "2335"]
[BlackElo "1738"]
[PlyCount "42"]
[EventDate "2002.11.25"]

1. e4 c5 2. Nc3 e6 3. Nf3 a6 4. d4 cxd4 5. Nxd4 b5 6. Bd3 Bb7 7. O-O Be7 8. Re1
d6 9. Qg4 Bf6 10. Be3 Nd7 11. f4 h5 12. Qh3 h4 13. Rad1 Nh6 14. e5 dxe5 15.
Nxe6 fxe6 16. Qxe6+ Qe7 17. Bg6+ Kd8 18. Rxd7+ Qxd7 19. Rd1 Qxd1+ 20. Nxd1 Kc7
21. Bb6+ Kb8 1-0

[Event "X Festival Ducale A"]
[Site "Genova ITA"]
[Date "2002.11.26"]
[Round "2"]
[White "Stroppa, Daniel"]
[Black "Bonani, Georg"]
[Result "1-0"]
[WhiteElo "2274"]
[BlackElo "1743"]
[PlyCount "45"]
[EventDate "2002.11.25"]

1. c4 Nf6 2. g3 g6 3. Bg2 Bg7 4. Nc3 O-O 5. d3 d6 6. Nf3 Nc6 7. O-O e5 8. Rb1
Bd7 9. b4 a6 10. a4 Rb8 11. Ba3 Re8 12. b5 Ne7 13. c5 Be6 14. Ng5 d5 15. Nxe6
fxe6 16. e4 c6 17. Bh3 Qd7 18. Qb3 Kf7 19. exd5 Nfxd5 20. Ne4 Nf5 21. Bxf5 gxf5
22. Nd6+ Kg6 23. Nxe8 1-0

[Event "X Festival Ducale A"]
[Site "Genova ITA"]
[Date "2002.11.27"]
[Round "3"]
[White "Antoniacci, Riccardo"]
[Black "Mollero, Michele"]
[Result "0-1"]
[WhiteElo "1927"]
[BlackElo "2164"]
[PlyCount "78"]
[EventDate "2002.11.25"]

1. e4 Nf6 2. e5 Nd5 3. c4 Nb6 4. c5 Nd5 5. Bc4 e6 6. Nc3 Bxc5 7. Qg4 Nxc3 8.
dxc3 Kf8 9. Bg5 Be7 10. Bf4 d5 11. O-O-O Nd7 12. Bb3 c5 13. h4 c4 14. Bc2 Nc5
15. h5 Bd7 16. Rh3 Ba4 17. Rg3 g6 18. hxg6 hxg6 19. Bxg6 Bxd1 20. Kxd1 Ke8 21.
Bxf7+ Kd7 22. Be3 Rh4 23. Qg6 Kc7 24. Bxc5 Bxc5 25. Nh3 d4 26. Ke1 dxc3 27.
bxc3 Qd5 28. Bxe6 Re4+ 29. Re3 Rxe3+ 30. fxe3 Qxe5 31. Qh7+ Kb6 32. Qd7 Qxe3+
33. Kd1 Rf8 34. Bxc4 a6 35. Kc2 Qe4+ 36. Kb3 Qb1+ 37. Ka4 Qc2+ 38. Bb3 Qxc3 39.
Qe6+ Ka7 0-1

[Event "X Festival Ducale A"]
[Site "Genova ITA"]
[Date "2002.11.27"]
[Round "3"]
[White "Beccaris, Gabriele"]
[Black "Efimov, Igor"]
[Result "0-1"]
[WhiteElo "1824"]
[BlackElo "2480"]
[PlyCount "60"]
[EventDate "2002.11.25"]

1. e4 c5 2. c3 d6 3. d4 Nf6 4. Bd3 Nbd7 5. Qe2 Qc7 6. Nf3 cxd4 7. Nxd4 g6 8.
O-O Bg7 9. Bg5 O-O 10. Nd2 a6 11. Kh1 b6 12. Rac1 Bb7 13. f4 e5 14. fxe5 dxe5
15. N4b3 Nh5 16. Qe3 Nf4 17. Bxf4 exf4 18. Qxf4 Qxf4 19. Rxf4 Rad8 20. Rd1 Ne5
21. Bc2 Nd3 22. Bxd3 Rxd3 23. Re1 Rfd8 24. Nc4 b5 25. Nca5 Rd1 26. Rg1 Ba8 27.
Nc5 Bh6 28. Rf3 f5 29. Rh3 fxe4 30. Rxh6 e3 0-1

[Event "X Festival Ducale A"]
[Site "Genova ITA"]
[Date "2002.11.27"]
[Round "3"]
[White "Bonani, Georg"]
[Black "Frigieri, Fabrizio"]
[Result "0-1"]
[WhiteElo "1743"]
[BlackElo "2052"]
[PlyCount "68"]
[EventDate "2002.11.25"]

1. e4 c5 2. Nf3 Nc6 3. d4 cxd4 4. Nxd4 Nf6 5. Nc3 e5 6. Ndb5 d6 7. Bg5 a6 8.
Na3 b5 9. Nd5 Be7 10. Bxf6 Bxf6 11. c3 O-O 12. Nc2 Bg5 13. a4 Rb8 14. axb5 axb5
15. b4 Ne7 16. h4 Bh6 17. g4 Nxd5 18. exd5 Bf4 19. Bd3 Bd7 20. Ne3 Qc8 21. Qc2
Bxg4 22. Nxg4 Qxg4 23. Bxh7+ Kh8 24. Bf5 Qf3 25. Be4 Qh5 26. Rh3 f5 27. Bf3 Qf7
28. Rd1 e4 29. Be2 Bh6 30. Rg3 f4 31. Rg4 f3 32. Bf1 e3 33. Bh3 Rbe8 34. Re4
Qg6 0-1

[Event "X Festival Ducale A"]
[Site "Genova ITA"]
[Date "2002.11.27"]
[Round "3"]
[White "Carzolio, Luigi"]
[Black "Ambrosanio, Raffaele"]
[Result "0-1"]
[WhiteElo "2026"]
[BlackElo "1732"]
[PlyCount "112"]
[EventDate "2002.11.25"]

1. d4 Nf6 2. Nf3 g6 3. c4 Bg7 4. Nc3 d6 5. e3 O-O 6. Be2 Nbd7 7. O-O e5 8. a3
c6 9. b4 e4 10. Nd2 d5 11. Bb2 Kh8 12. Qb3 Nb6 13. cxd5 cxd5 14. a4 Be6 15. a5
Nc8 16. Rfc1 Nd6 17. Nb5 Nxb5 18. Bxb5 Qd6 19. Be2 Rac8 20. b5 Rxc1+ 21. Rxc1
Rc8 22. Rxc8+ Bxc8 23. Qc3 Qd8 24. Ba3 Be6 25. Nb3 b6 26. Bb4 Kg8 27. Qc6 Bf8
28. Bxf8 Kxf8 29. a6 Qc8 30. Na1 Qxc6 31. bxc6 Ne8 32. Nc2 Nc7 33. Nb4 Ke7 34.
Kf1 Kd6 35. Ke1 f5 36. h4 h6 37. g3 Bf7 38. Kd2 Be8 39. Kc3 Bxc6 40. Bd1 Bb5
41. Bb3 Bxa6 42. Kb2 Bb7 43. Nc2 g5 44. hxg5 hxg5 45. Kc3 Ne6 46. Kd2 a5 47.
Ba4 Bc6 48. Bb3 b5 49. Kc3 f4 50. gxf4 gxf4 51. Ba2 f3 52. Bb3 Ng5 53. Kd2 b4
54. Ba2 Nh3 55. Ke1 Bb5 56. Na1 a4 0-1

[Event "X Festival Ducale A"]
[Site "Genova ITA"]
[Date "2002.11.27"]
[Round "3"]
[White "Fittante, Giuliana"]
[Black "Aceto, Lorenzo"]
[Result "0-1"]
[WhiteElo "1779"]
[BlackElo "1866"]
[PlyCount "76"]
[EventDate "2002.11.25"]

1. d4 Nf6 2. Nf3 g6 3. g3 Bg7 4. Bg2 d5 5. O-O O-O 6. Nbd2 Bf5 7. c4 c6 8. cxd5
cxd5 9. Nb3 Nc6 10. Bf4 Ne4 11. Rc1 Qb6 12. Be3 a5 13. Ne5 Rfd8 14. Nxc6 bxc6
15. g4 Be6 16. Qc2 a4 17. Nc5 Nxc5 18. Qxc5 Qxb2 19. Rc2 Qb7 20. Qxc6 Qxc6 21.
Rxc6 Bxg4 22. f3 Bf5 23. Rc7 Bf6 24. Bf2 Rdb8 25. e4 Be6 26. e5 Bg5 27. h4 Bd2
28. Rxe7 Ba5 29. Be3 Kf8 30. Bg5 Bd8 31. Rxe6 fxe6 32. Bh3 Bxg5 33. hxg5 Ke7
34. Rc1 Rc8 35. Rb1 Rab8 36. Rf1 a3 37. f4 Rb2 38. Rf2 Rcc2 0-1

[Event "X Festival Ducale A"]
[Site "Genova ITA"]
[Date "2002.11.27"]
[Round "3"]
[White "Fornaro, Alberto"]
[Black "Roversi, Stefano"]
[Result "1/2-1/2"]
[WhiteElo "1798"]
[BlackElo "2043"]
[PlyCount "39"]
[EventDate "2002.11.25"]

1. d4 Nf6 2. Nf3 g6 3. Bf4 Bg7 4. h3 c5 5. c3 cxd4 6. cxd4 O-O 7. Nc3 Qa5 8.
Qd2 Re8 9. e4 d6 10. Bh2 Nc6 11. Bc4 Rf8 12. O-O Nd7 13. a3 Qh5 14. Ne2 Nb6 15.
Ba2 Bd7 16. Bf4 Qb5 17. Rac1 Na5 18. Nc3 Qh5 19. Ne2 Qb5 20. b3 1/2-1/2

[Event "X Festival Ducale A"]
[Site "Genova ITA"]
[Date "2002.11.27"]
[Round "3"]
[White "Fossati, Remigio"]
[Black "Astengo, Marcello"]
[Result "1-0"]
[WhiteElo "1807"]
[BlackElo "2092"]
[PlyCount "53"]
[EventDate "2002.11.25"]

1. e4 e6 2. d4 d5 3. Nd2 Nf6 4. e5 Nfd7 5. f4 c5 6. c3 Nc6 7. Ndf3 Qb6 8. Ne2
Be7 9. g3 O-O 10. Bh3 Re8 11. O-O Nf8 12. g4 Bd7 13. f5 cxd4 14. cxd4 Rac8 15.
Nc3 Nxd4 16. Nxd4 Rc4 17. Nce2 Bc5 18. Be3 exf5 19. b3 Rxe5 20. Bf2 Rxd4 21.
Nxd4 fxg4 22. Bg2 h5 23. Rc1 h4 24. Rxc5 Qxc5 25. Nf3 Qd6 26. Nxe5 Qxe5 27.
Qxd5 1-0

[Event "X Festival Ducale A"]
[Site "Genova ITA"]
[Date "2002.11.27"]
[Round "3"]
[White "Gentile, Claudio"]
[Black "Morselli, Stefano"]
[Result "1-0"]
[WhiteElo "2156"]
[BlackElo "1750"]
[PlyCount "113"]
[EventDate "2002.11.25"]

1. c4 g6 2. Nc3 Bg7 3. d4 Nf6 4. e4 d6 5. f4 O-O 6. Nf3 e5 7. dxe5 dxe5 8. Qxd8
Rxd8 9. Nxe5 Bd7 10. Bd2 Nc6 11. Nxd7 Rxd7 12. e5 Ng4 13. Be2 Nf2 14. Rf1 Nb4
15. Kxf2 Rxd2 16. Rfd1 Rad8 17. Nd5 Rxd1 18. Rxd1 Nxd5 19. Rxd5 Rxd5 20. cxd5
Bf8 21. Kf3 Be7 22. Ke4 f5+ 23. Kd4 Kg7 24. a3 h6 25. Bb5 Kf7 26. Bd7 b6 27.
Be6+ Ke8 28. b4 a5 29. bxa5 bxa5 30. a4 Bb4 31. Bc8 Ke7 32. g3 Be1 33. Ke3 Bb4
34. Ba6 Bc5+ 35. Ke2 Bb6 36. h3 Bc5 37. g4 fxg4 38. hxg4 Kf7 39. Kf3 Bb4 40.
Bc4 Ke7 41. f5 gxf5 42. gxf5 Bc3 43. f6+ Kf8 44. Ke4 h5 45. Kf5 h4 46. e6 Bb4
47. Kg4 Ke8 48. Kxh4 Bd6 49. Bb5+ Kf8 50. Kg5 Bc5 51. Kg6 Bd6 52. Kf5 Bc5 53.
Ke4 Bb4 54. Kd4 Bd6 55. Kc4 Bb4 56. Bc6 Bd6 57. Kb5 1-0

[Event "X Festival Ducale A"]
[Site "Genova ITA"]
[Date "2002.11.27"]
[Round "3"]
[White "Lazic, Miroljub"]
[Black "Sareen, Vishal"]
[Result "1-0"]
[WhiteElo "2461"]
[BlackElo "2335"]
[PlyCount "119"]
[EventDate "2002.11.25"]

1. Nf3 d5 2. b3 Nf6 3. Bb2 g6 4. c4 Bg7 5. cxd5 Qxd5 6. g3 O-O 7. Bg2 Qh5 8. h3
Nc6 9. d3 Bd7 10. Nbd2 Rad8 11. Rc1 Qa5 12. a3 Ne8 13. b4 Qa6 14. Bxg7 Kxg7 15.
Qb3 Nb8 16. O-O Ba4 17. Qc3+ Qf6 18. d4 Nd6 19. e3 Bc6 20. Ne5 Bxg2 21. Kxg2 c6
22. a4 Qe6 23. Rfe1 f6 24. Nd3 Qf7 25. e4 Kg8 26. Re2 f5 27. f3 fxe4 28. fxe4
Nd7 29. Rf1 Qa2 30. Nf4 Qxa4 31. Ne6 Rxf1 32. Nxf1 Rc8 33. d5 Nf6 34. Qe3 Qb5
35. Rf2 Qxb4 36. Qh6 Kf7 37. Ng5+ Ke8 38. e5 Nf5 39. Rxf5 gxf5 40. exf6 exf6
41. Qxf6 Qe7 42. Qxf5 Rd8 43. Ne3 cxd5 44. Ne6 Rd6 45. Nxd5 Qf7 46. Qe5 Kd7 47.
Nc5+ Kc6 48. Ne7+ Kc7 49. Ne4 Qe6 50. Qxd6+ Qxd6 51. Nxd6 Kxd6 52. Nc8+ Kc7 53.
Nxa7 Kb6 54. Nc8+ Kc5 55. Kf3 b5 56. Ke4 b4 57. Ne7 b3 58. Nd5 Kc4 59. Ne3+ Kc3
60. g4 1-0

[Event "X Festival Ducale A"]
[Site "Genova ITA"]
[Date "2002.11.27"]
[Round "3"]
[White "Van Hoolandt, Patrick"]
[Black "Benaglia, Giovanni"]
[Result "1-0"]
[WhiteElo "2173"]
[BlackElo "1801"]
[PlyCount "53"]
[EventDate "2002.11.25"]

1. c4 e6 2. Nf3 f5 3. g3 Nf6 4. Bg2 Be7 5. O-O O-O 6. b3 c6 7. Bb2 Qe8 8. d3 d6
9. Nbd2 a5 10. a3 Nbd7 11. Qc2 Qh5 12. b4 axb4 13. axb4 Rxa1 14. Rxa1 Ng4 15.
Ra8 e5 16. e3 g5 17. h3 Nxf2 18. Kxf2 g4 19. Ng1 f4 20. exf4 exf4 21. Ne4 fxg3+
22. Ke1 gxh3 23. Bxh3 Bh4 24. Be6+ Rf7 25. Rxc8+ Nf8 26. Qe2 g2+ 27. Kd1 1-0

[Event "X Festival Ducale A"]
[Site "Genova ITA"]
[Date "2002.11.27"]
[Round "4"]
[White "Ambrosanio, Raffaele"]
[Black "Capurro, Giuliano"]
[Result "0-1"]
[WhiteElo "1732"]
[BlackElo "2048"]
[PlyCount "76"]
[EventDate "2002.11.25"]

1. c4 e5 2. g3 Nf6 3. Bg2 Bc5 4. Nc3 O-O 5. e3 c6 6. Nf3 e4 7. Ng5 d5 8. cxd5
cxd5 9. d4 Bb6 10. O-O h6 11. Nh3 Bg4 12. Qb3 Qd7 13. Nf4 Rd8 14. h3 Bf3 15.
Bxf3 exf3 16. Kh2 Qf5 17. Qd1 g5 18. Qd3 Qd7 19. Nfxd5 Nxd5 20. Qe4 Nxc3 21.
bxc3 Qc6 22. Qg4 Nd7 23. e4 Nf6 24. Qxf3 Nxe4 25. Qf5 Nxc3 26. Be3 Qd5 27. Qg4
Qe4 28. Bf4 Qe2 29. Qf5 Qe6 30. Qc2 gxf4 31. gxf4 Bxd4 32. Rae1 Qf6 33. f5 Kh8
34. f4 Rac8 35. Qb3 Rg8 36. Qxb7 Qxf5 37. Qf3 Nd5 38. Qd1 Qc2+ 0-1

[Event "X Festival Ducale A"]
[Site "Genova ITA"]
[Date "2002.11.27"]
[Round "4"]
[White "Bartonicek, Zdenek"]
[Black "Gorshkova, Irina"]
[Result "1-0"]
[WhiteElo "2109"]
[BlackElo "2190"]
[PlyCount "73"]
[EventDate "2002.11.25"]

1. Nf3 Nf6 2. d4 g6 3. c4 Bg7 4. Nc3 d5 5. cxd5 Nxd5 6. e4 Nxc3 7. bxc3 O-O 8.
Rb1 c5 9. Be2 cxd4 10. cxd4 Qa5+ 11. Bd2 Qxa2 12. O-O Qe6 13. Qc2 Qc6 14. Bc4
Nd7 15. Qd3 Nb6 16. Ba2 Bg4 17. Ne5 Bxe5 18. dxe5 Rfd8 19. Qg3 Rxd2 20. Bxf7+
Kxf7 21. Qf4+ Kg8 22. Qxd2 Qd7 23. Qg5 Nc4 24. f3 Be6 25. Rfd1 Qc7 26. f4 Bf7
27. h4 Kh8 28. Rd3 a5 29. Rbd1 Nb2 30. Rd7 Qc5+ 31. R1d4 a4 32. Kh2 Re8 33. h5
a3 34. hxg6 Bxg6 35. R4d6 a2 36. Rxe7 Rf8 37. Rxg6 1-0

[Event "X Festival Ducale A"]
[Site "Genova ITA"]
[Date "2002.11.27"]
[Round "4"]
[White "Carola, Paolo"]
[Black "Carzolio, Luigi"]
[Result "1-0"]
[WhiteElo "1796"]
[BlackElo "2026"]
[PlyCount "55"]
[EventDate "2002.11.25"]

1. e4 d5 2. exd5 Nf6 3. d4 Qxd5 4. Nc3 Qa5 5. Nf3 c6 6. Be2 Bf5 7. O-O e6 8.
Nd2 Nbd7 9. Nc4 Qc7 10. g3 b5 11. Bf4 Qd8 12. Nd6+ Bxd6 13. Bxd6 Nb6 14. Bc5
Nbd7 15. Bf3 Nxc5 16. dxc5 Rc8 17. Qxd8+ Kxd8 18. Rfd1+ Ke7 19. Rd6 Rc7 20. b4
a5 21. Bxc6 axb4 22. Nxb5 Rcc8 23. a3 Be4 24. Na7 Rcd8 25. Bxe4 Nxe4 26. Nc6+
Kf6 27. Rxd8 Rxd8 28. Nxd8 1-0

[Event "X Festival Ducale A"]
[Site "Genova ITA"]
[Date "2002.11.27"]
[Round "4"]
[White "Dgebuadze, Alexandre"]
[Black "Lazic, Miroljub"]
[Result "1-0"]
[WhiteElo "2537"]
[BlackElo "2461"]
[PlyCount "49"]
[EventDate "2002.11.25"]

1. e4 Nc6 2. d4 e5 3. d5 Nce7 4. Nf3 d6 5. c4 f5 6. Nc3 Nf6 7. Bg5 Nxe4 8. Nxe4
fxe4 9. Nd2 Bf5 10. g4 Bg6 11. Bg2 h6 12. Be3 Ng8 13. Bxe4 Bxe4 14. Nxe4 Nf6
15. Nxf6+ Qxf6 16. Qa4+ Kd8 17. O-O-O Be7 18. Rd3 Qg6 19. Rb3 b6 20. h3 Bg5 21.
Re1 Rf8 22. Re2 Bxe3+ 23. Rbxe3 Rf4 24. Qc6 Rb8 25. Rxe5 1-0

[Event "X Festival Ducale A"]
[Site "Genova ITA"]
[Date "2002.11.27"]
[Round "4"]
[White "Efimov, Igor"]
[Black "Gentile, Claudio"]
[Result "1-0"]
[WhiteElo "2480"]
[BlackElo "2156"]
[PlyCount "59"]
[EventDate "2002.11.25"]

1. d4 d5 2. c4 dxc4 3. e3 e5 4. Bxc4 exd4 5. exd4 Nf6 6. Nf3 Be7 7. O-O O-O 8.
h3 Nbd7 9. Nc3 Nb6 10. Bb3 Nbd5 11. Re1 c6 12. Ne5 Re8 13. Bg5 Be6 14. Qf3 Qa5
15. Rac1 Bb4 16. Bh4 Rac8 17. Re2 Qb6 18. Na4 Qb5 19. Nc5 Nf4 20. Qxf4 Bxc5 21.
Bxf6 Qxe2 22. Rxc5 gxf6 23. Qxf6 Bxb3 24. Qg5+ Kh8 25. Qf6+ Kg8 26. axb3 Qd1+
27. Kh2 Qxb3 28. Nd7 Qd3 29. Rg5+ Qg6 30. Ne5 1-0

[Event "X Festival Ducale A"]
[Site "Genova ITA"]
[Date "2002.11.27"]
[Round "4"]
[White "Forno, Roberto"]
[Black "Carosso, Andrea"]
[Result "0-1"]
[WhiteElo "2080"]
[BlackElo "1738"]
[PlyCount "128"]
[EventDate "2002.11.25"]

1. d4 d5 2. c4 e6 3. Nc3 Nf6 4. Nf3 Bb4 5. Qc2 O-O 6. Bg5 h6 7. Bh4 Nbd7 8. e3
c6 9. Bd3 Qa5 10. O-O Bd6 11. a3 Re8 12. b4 Qc7 13. c5 Bf8 14. a4 e5 15. Nxe5
Nxe5 16. dxe5 Qxe5 17. Bg3 Qe7 18. Bd6 Qd8 19. Bxf8 Kxf8 20. Ne2 Qc7 21. Nd4
Ng4 22. Nf3 Ne5 23. Be2 Nxf3+ 24. Bxf3 Re5 25. Qh7 f6 26. e4 Be6 27. exd5 cxd5
28. Rad1 Rd8 29. Rd4 Bf5 30. Qh8+ Kf7 31. Bh5+ Bg6 32. Bxg6+ Kxg6 33. Rg4+ Rg5
34. Rxg5+ fxg5 35. Qxd8 Qxd8 36. b5 Qa5 37. c6 bxc6 38. bxc6 Qxa4 39. c7 Qd7
40. Rc1 Qc8 41. Kf1 Kf5 42. Ke2 a5 43. Ke3 Ke5 44. g3 a4 45. f4+ gxf4+ 46.
gxf4+ Kd6 47. Kd4 a3 48. Rc5 Ke6 49. f5+ Kxf5 50. Kxd5 Kf6 51. Kc6 Ke6 52. Ra5
a2 53. Rxa2 Qd7+ 54. Kb7 Qd5+ 55. Kb8 Qb5+ 56. Ka8 Qc6+ 57. Kb8 Qb6+ 58. Kc8 g5
59. Re2+ Kf5 60. Kd7 Qd4+ 61. Kc6 Qc4+ 62. Kd6 Qd3+ 63. Kc6 Qxe2 64. c8=Q+ Qe6+
0-1

[Event "X Festival Ducale A"]
[Site "Genova ITA"]
[Date "2002.11.27"]
[Round "4"]
[White "Laketic, Gojko"]
[Black "Puglisi, Vincenzo"]
[Result "1-0"]
[WhiteElo "2444"]
[BlackElo "2115"]
[PlyCount "67"]
[EventDate "2002.11.25"]

1. c4 Nf6 2. Nc3 c6 3. e4 e5 4. Nf3 Bb4 5. Nxe5 O-O 6. Be2 Re8 7. Nd3 Bxc3 8.
dxc3 Rxe4 9. c5 b6 10. O-O Ba6 11. Bf3 Re8 12. Bf4 bxc5 13. Bd6 Qa5 14. Re1
Rxe1+ 15. Nxe1 Bc4 16. Be5 Ne8 17. Bxb8 Rxb8 18. Qxd7 Nf6 19. Qxc6 h6 20. b4
Qa3 21. Qd6 Re8 22. Qd2 Ne4 23. Bxe4 Rxe4 24. Nd3 cxb4 25. Nxb4 a5 26. Nc6 Qc5
27. Nd4 Qd5 28. a3 Re2 29. Qc1 Re8 30. h3 Ba6 31. Rb1 Bb7 32. f3 Ba8 33. Qf4
Qa2 34. Rb8 1-0

[Event "X Festival Ducale A"]
[Site "Genova ITA"]
[Date "2002.11.27"]
[Round "4"]
[White "Mollero, Michele"]
[Black "Sanchez, Joseph"]
[Result "0-1"]
[WhiteElo "2164"]
[BlackElo "2307"]
[PlyCount "64"]
[EventDate "2002.11.25"]

1. d4 d5 2. c4 c6 3. Nf3 Nf6 4. Nc3 e6 5. Bg5 Nbd7 6. e3 Qa5 7. cxd5 exd5 8.
Bd3 Ne4 9. Bxe4 dxe4 10. Ne5 f6 11. Nxd7 Qxg5 12. Nxf8 Qxg2 13. Qh5+ g6 14.
Nxg6 Qxh1+ 15. Kd2 Qxa1 16. Nxh8+ Kd8 17. Qa5+ b6 18. Qb4 c5 19. dxc5 bxc5 20.
Qb3 Bd7 21. Nxe4 Rc8 22. Nf7+ Ke7 23. Nfd6 Rf8 24. Qb7 Rd8 25. Nf5+ Kf8 26.
Nfd6 Qxa2 27. Nxf6 Ke7 28. Nfe4 Qa5+ 29. Ke2 Qb6 30. Qd5 Qxb2+ 31. Kf3 Qg7 32.
Qxc5 Qg4# 0-1